| 000 | 00495nam a2200169 i 4500 | ||
|---|---|---|---|
| 001 | 129775 | ||
| 003 | ES-MaACL | ||
| 005 | 20250920063100.0 | ||
| 007 | t| | ||
| 008 | 070705s1914 sp ||||1| spa d | ||
| 100 | 1 |
_aZozaya, Antonio, _d1859-1943 _9118374 |
|
| 245 | 1 | 0 |
_aPoemas de humildad y de ensueƱo / _cAntonio Zozaya. |
| 260 |
_aValladolid : _b[Est. Tip. de la Viuda de Montero, _c1914] |
||
| 300 |
_a220 p. ; _c18 cm. |
||
| 852 |
_aES-MaACL _jF-413 |
||
| 999 |
_c129775 _d129775 |
||